00000000nam 2200000zi 4500
0019.945435
003CaOODSP
00520241121153041
006m     o  d f      
007cr mn|||||||||
008241121t19821982onco    or   f000 0|eng d
020 |z066212233X
040 |aCaOODSP|beng|erda|cCaOODSP
043 |an-cn---
0861 |aCo22-37/1982E-PDF|zCo22-37/1982E
24500|aOffice communications systems and services : |ba directory of Canadian suppliers of office automation equipment and services / |cprepared by Evert Communications Ltd.
264 1|a[Ottawa] : |bGovernment of Canada, Department of Communications = Gouvernement du Canada, Ministère des Communications, |cMarch 31, 1982.
264 4|c©1982
300 |a1 online resource (100 pages) : |bphotographs
336 |atext|btxt|2rdacontent
337 |acomputer|bc|2rdamedia
338 |aonline resource|bcr|2rdacarrier
500 |aDigitized edition from print [produced by Innovation, Science and Economic Development Canada].
500 |aIssued also in French under title: Systémes et services de bureautique : répertoire des fournisseurs canadiens d'équipement et de services de bureautique.
650 0|aTechnology and state|zCanada.
650 0|aElectronic office machines|zCanada.
650 0|aOffice equipment and supplies|zCanada.
650 0|aOffice practice|xAutomation|xGovernment policy|zCanada.
7101 |aCanada. |bDepartment of Communications, |eissuing body.
7102 |aEvert Communications Ltd., |econsultant.
77508|tSystémes et services de bureautique : |w(CaOODSP)9.945436
85640|qPDF|s5.93 MB|uhttps://publications.gc.ca/collections/collection_2024/isde-ised/co22/Co22-37-1982-eng.pdf